| Tag |
First Indicator |
Second Indicator |
Subfields |
| LEADER |
00000cam a2200000 4500 |
| 001 |
in00000031458 |
| 005 |
20151007061704.0 |
| 008 |
720424s1963 tnu 00000 eng u |
| 010 |
|
|
|a 63014645
|
| 035 |
|
|
|a (OCoLC)00291625
|
| 035 |
|
|
|9 AAD2775AM
|
| 040 |
|
|
|c WSU
|d TXA
|d UtOrBLW
|
| 049 |
|
|
|a TXAM
|c [400018]
|
| 050 |
|
0 |
|a PS3552.A4
|b A17 1963
|
| 092 |
|
|
|a 811
|b B168y
|
| 100 |
1 |
|
|a Baker, Carlos,
|d 1909-1987.
|
| 245 |
1 |
2 |
|a A year and a day, poems.
|
| 264 |
|
1 |
|a Nashville :
|b Vanderbilt University Press,
|c 1963.
|
| 300 |
|
|
|a 63 pages ;
|c 23 cm.
|
| 336 |
|
|
|a text
|b txt
|2 rdacontent
|
| 337 |
|
|
|a unmediated
|b n
|2 rdamedia
|
| 338 |
|
|
|a volume
|b nc
|2 rdacarrier
|
| 999 |
|
|
|a MARS
|
| 999 |
f |
f |
|s 733432c7-66e2-37ca-8606-8f381919d6da
|i 821d6878-16a4-3bb2-a15c-dcf57d608d16
|t 0
|
| 952 |
f |
f |
|p ric
|a Texas A&M University
|b Rellis Campus
|c Joint Library Facility
|d Remote Storage
|t 0
|e PS3552.A4 A17 1963
|h Library of Congress classification
|i unmediated -- volume
|m A14801213378
|
| 998 |
f |
f |
|a PS3552.A4 A17 1963
|t 0
|l Remote Storage
|